000 00363nam a2200145 i 4500
001 bg
100 1 _aPYRZ, Ryszard
245 0 _aWytrzymałość materiałów /
_cRyszard Pyrz, Andrzej Tylikowski.
260 _aWarszawa,
_c1983.
700 1 _aTYLIKOWSKI, Andrzej
040 _cBPK
041 _apol
942 _cKS
008 s pl f |000 0 pol
999 _c22165
_d22165
856 _uhttp://koha.tu.koszalin.pl/cgi-bin/koha/opac-detail.pl?biblionumber=22165
_yKatalog online BPK